LEADER 01478nam a2200349 a 4500 001 000000124773 003 CaOOAMICUS 005 20110323101657.0 008 110323s2011 vc u000 u ita r 020 $a978-88-465-0730-3 040 $aPUL$bita 082 04$a340 100 1 $aGalgano, Francesca.$0(OLS)http://pul/name/66348 245 10$aDiritto greco-romano bizantino :$bdodici lezioni /$cFrancesca Galgano. 260 $aCittą del Vaticano :$bLateran University Press,$c©2011. 300 $aXII, 129 p. ;$c24 cm. 490 1 $aLineamenta iuris. I Manuali ;$v6 504 $aInclude riferimenti bibliografici. 650 4$aDiritto bizantino.$0(OLS)http://pul/subject/2206 650 4$aDiritto romano.$0(OLS)http://pul/subject/382 650 4$aDiritto greco.$0(OLS)http://pul/subject/8507 830 0$aLineamenta iuris.$pI Manuali ;$v6.$0(OLS)http://pul/title/141964 850 $aPUL 852 $aPUL$W1$xSL Diritto e Scienze Sociali 3$y79$m340 COLL 2.6$j143676$qDDC 21$B142687$CPULBib$Z2$F142687 $H116577 $82 941 1 $a9 960 $aRoman law$9382 960 $aRoman law$9382 996 $6020$a978-88-465-0730-3$9(OLS)http://pul/number/146740 996 $6082$a340$9(OLS)http://pul/classification/419 996 $6245$aDiritto greco-romano bizantino :$bdodici lezioni$9(OLS)http://pul/title/157299 996 $6260$aCittą del Vaticano :$bLateran University Press$9(OLS)http://pul/publisher/74585 LEADER 01294nam a2200313 a 4500 001 000000159771 003 CaOOAMICUS 005 20170330102434.0 008 170330s2017 it u000 u ita r 020 $a978-88-6788-100-0* 032 $aLibriCat 040 $aPUL$bita 082 04$a269 100 1 $aPlacida, Flavio,$csac.,$d1970-$0(OLS)http://pul/name/76185 245 10$aAndate e narrate a tutti l'Evangelo di Dio :$baspetti missionari della catechesi /$cFlavio Placida. 260 $aRoma :$bIF Press,$c©2017. 300 $a255 p. ;$c24 cm. 490 1 $aSapientia ineffabilis ;$v13 504 $aBibliografia in nota. 650 4$aEvangelizzazione.$0(OLS)http://pul/subject/1355 830 0$aSapientia ineffabilis ;$v13.$0(OLS)http://pul/title/178270 850 $aPUL 852 $aPUL$W1$xSL Religione 3$y85$m269 PLAFL 1$j183338$qDDC 21$B186544$CPULBib$Z2$F186544 $H129208 $81 941 1 $a9 996 $6020$a978-88-6788-100-0*$9(OLS)http://pul/number/162290 996 $6082$a269$9(OLS)http://pul/classification/2195 996 $6245$aAndate e narrate a tutti l'Evangelo di Dio :$baspetti missionari della catechesi$9(OLS)http://pul/title/199400 996 $6260$aRoma :$bIF Press$9(OLS)http://pul/publisher/83036